000
00292nam a22001097a 4500
008
160705b xxu||||| |||| 00| 0 eng d
100
_9
2123
_a
Tilak
245
_a
Pope Rape of the Lock
260
_a
Meerut (U.P)
_b
Rajhans Prakashan
_c
1984
300
_a
Pope Rape of the Lock
942
_2
ddc
_c
BK
999
_c
1816
_d
1816